Sports Quiz

Random Sports or Clickable Quiz
Score 0/139 Timer 20:00
0 Plays Today
% Correct
???
100%
???
70.9%
???
63.8%
???
62.2%
???
60.1%
???
50.7%
???
50.4%
???
49.1%
???
48%
???
44.1%
???
41.7%
???
41.5%
???
41.2%
???
38.3%
???
36%
???
31.8%
???
30.4%
???
30.2%
???
28.3%
???
27%
???
26%
???
25.2%
???
24.4%
???
23.4%
???
23.4%
???
22.8%
???
21.5%
???
20.7%
???
17.1%
???
17.1%
???
16.8%
???
16.8%
???
16.8%
???
16.5%
???
14.7%
???
14.7%
???
14.7%
???
14.7%
???
13.4%
???
13.1%
???
12.9%
???
12.9%
???
12.9%
???
12.9%
???
12.6%
???
11.8%
???
11.8%
% Correct
???
11.8%
???
11.8%
???
11.8%
???
11.8%
???
11.5%
???
11.4%
???
10.5%
???
10.5%
???
10.2%
???
10.2%
???
9.4%
???
9.2%
???
9.2%
???
9.2%
???
8.9%
???
8.9%
???
8.9%
???
8.9%
???
8.7%
???
8.5%
???
8.4%
???
8.4%
???
8.4%
???
8.4%
???
8.4%
???
8.4%
???
8.2%
???
8.1%
???
8.1%
???
8.1%
???
6.8%
???
6.6%
???
6.6%
???
6.6%
???
6.3%
???
6.3%
???
6.3%
???
6.3%
???
6.3%
???
6.3%
???
6.3%
???
6%
???
6%
???
6%
???
5.8%
???
5.7%
???
5.7%
% Correct
???
5.7%
???
5.7%
???
5.4%
???
5.2%
???
5.1%
???
4.8%
???
4.7%
???
4.2%
???
3.7%
???
3.7%
???
3.4%
???
3.2%
???
3.1%
???
3.1%
???
3.1%
???
2.8%
???
2.8%
???
2.8%
???
2.6%
???
2.6%
???
2.6%
???
2.6%
???
2.3%
???
2.3%
???
2.3%
???
2.3%
???
2.3%
???
2.3%
???
2.3%
???
2.3%
???
2.3%
???
2.3%
???
2.3%
???
2.1%
???
2.1%
???
2.1%
???
2.1%
???
2.1%
???
2.1%
???
2.1%
???
2.1%
???
2.1%
???
1.8%
???
1.8%
???
1.8%

You're not logged in!

Compare scores with friends on all Sporcle quizzes.
OR
Log In

From the Vault

Progressive Memory Challenge

by MSUKent

We were trying to remember to tell you something about this quiz, but it must not have been important.
Remove Ads.
Support Sporcle.
Get the best of Sporcle when you Go Orange. This ad-free experience offers more features, more stats, and more fun while also helping to support Sporcle. Thank you for becoming a member.

Show Comments

Extras

Created Nov 26, 2017ReportNominate
Tags:Clickable Quiz, NBA Quiz, KOT4Q

Top Quizzes Today


Score Distribution

Your Account Isn't Verified!

In order to create a playlist on Sporcle, you need to verify the email address you used during registration. Go to your Sporcle Settings to finish the process.

Report this User

Report this user for behavior that violates our Community Guidelines.

Details: